Thơ văn quanh truyện Kiều /

Wedi'i Gadw mewn:
Manylion Llyfryddiaeth
Prif Awdur: Thái Kim Đỉnh
Fformat: Sách giấy
Iaith:Vietnamese
Cyhoeddwyd: Nghệ An : Nxb. Nghệ An, 1996
Pynciau:
Tagiau: Ychwanegu Tag
Dim Tagiau, Byddwch y cyntaf i dagio'r cofnod hwn!
Thư viện lưu trữ: Thư viện Trường Đại học Đà Lạt
LEADER 00653nam a2200265 4500
001 DLU020010684
005 ##12/1/1999
041 # # |a vie 
082 # # |a 895.922 1  |b TH-D 
100 # # |a Thái Kim Đỉnh 
245 # # |a Thơ văn quanh truyện Kiều /  |c Thái Kim Đỉnh 
260 # # |a Nghệ An :  |b Nxb. Nghệ An,  |c 1996 
300 # # |a 487 tr.;   |c 19 cm. 
653 # # |a Cấu trúc ngôn ngữ 
653 # # |a Thủ pháp nghệ thuật 
653 # # |a Vịnh thơ 
992 # # |a 35000 
994 # # |a DLU 
900 # # |a False 
911 # # |a Administrator 
925 # # |a G 
926 # # |a A 
927 # # |a SH 
980 # # |a Thư viện Trường Đại học Đà Lạt